00582cam a22001812 4500001001100000005001700011008004100028020001700069040001500086100003300101245010900134250001200243260003300255300002900288650004100317700003900358852000300397000001951120151021151134.0110105s xx 000 0 eng d a0324322422 : aKABUcKABU1 aNelson, Debra L.@000017924410aOrganizational behavior :bfoundations, realities & challenges /cDebra L. Nelson, James Campbell Quick. a5th ed. aMason, OH :bThomson,c2006. a1 v. (various pagings) ; 0aOrganizational behavior.@00001507901 aQuick, James Campbell.@00001792451